000 00689nam a2200289Ia 4500
005 20260324133914.0
008 008 260324s9999 xx 000 0 eng d
020 _a9780429478536
037 _aEBOOK
040 _aCRL
040 _beng
040 _cCRL
041 _2eng
041 _aeng
084 _qCRL
100 _aRobert Waska
_91157049
245 0 _aPrimitive Experiences of Loss
245 0 _bWorking with the Paranoid-Schizoid Patient
260 _bTaylor and Francis
260 _c2002
365 _a
365 _b170
856 _uhttp://www.taylorfrancis.com/books/9780429478536
942 _cEBOOK
999 _c1794368
_d1794368